Mega Word Ladder: What Comes Next? Quiz Stats

 Plays Quiz Updated Jan 28, 2019

Support Sporcle.
Go Orange.
Score 0/83 Timer 07:00
1 Play Today
Clue Answer % Correct
____ in BootsPUSS
96.7%
Shove•PUSH•
95.3%
What you need to get backstage•PASS•
94.4%
Write your name on the dotted line•SIGN•
93.7%
Hefner or LaurieHUGH
93.6%
StonedHIGH
92.7%
Get an FFAIL
92.1%
Sound from a lovesick personSIGH
91.3%
Shhhh!HUSH
91.3%
Heat water to 212°F•BOIL•
90.7%
Get-out-of-jail moneyBAIL
89.9%
Hourglass contentsSAND
88.4%
Stumble•FALL•
87.5%
Chess or checkers e.g.•GAME•
86.9%
Female horseMARE
84.8%
On the ____ wavelengthSAME
84.5%
Italy's shapeBOOT
84.3%
Having all one's marblesSANE
83.5%
Tug•PULL•
83.2%
StoryTALE
83%
UtteredSAID
81.4%
Tiny opening in the skin•PORE•
80.7%
Out of the wombBORN
80.5%
'____ cowbell!'•MORE•
79.2%
Strong windGALE
79%
U2 or R.E.M.BAND
78.4%
Seize•TAKE•
78.2%
Numbers on a golf scorecardPARS
77.4%
Clue Answer % Correct
____ It Like Beckham•BEND•
77.4%
SurveyPOLL
76.4%
What a poker player is dealt•HAND•
76.4%
Ink stainBLOT
76%
Execute with a noose•HANG•
75.9%
Rooster or stallion e.g.MALE
75.8%
Gunshot soundBANG
74.9%
What to do after making a wish•BLOW•
74.3%
Like Aesop's tortoiseSLOW
73.9%
ScaldBURN
73.6%
Remove the peelPARE
73.4%
Lecture•TALK•
71.9%
Good place to meet SantaMALL
70.8%
Car manufacturer•MAKE•
70.5%
Peter who played ColumboFALK
70.4%
Drop of sweatBEAD
70%
Bread on a dinner plate•ROLL•
69.2%
BlessingBOON
68.8%
Where bread is bakedOVEN
67.7%
Old King ____COLE
67.5%
Had onWORE
67.5%
Middle of a bundt cakeHOLE
66.9%
Hopscotch action•SKIP•
66.5%
Thick typefaceBOLD
66.2%
Woman's undergarmentSLIP
66.2%
Stir up the watersROIL
65%
Store awaySTOW
65%
Take chargeLEAD
64.2%
Clue Answer % Correct
Get betterHEAL
64.1%
Martin who played Colonel Mustard•MULL•
63.9%
How one feels after a workoutSORE
63.2%
Lose tractionSKID
62.8%
Command to a dogHEEL
61.9%
Cargo space•HOLD•
61.8%
Heidi Klum's exSEAL
60.3%
Like George CostanzaBALD
58.5%
Peachy-____KEEN
57.8%
Become sour, like milk•TURN•
57.1%
Dawn, to a poetMORN
56.6%
What alto and arrêt mean•STOP•
55.9%
Joule is a unit of this•WORK•
55.8%
TV role for Robin WilliamsMORK
55.5%
It runs along the bottom of a boat•KEEL•
55.2%
Christian version of Batman?BALE
55%
One's undoingBANE
51.6%
Not sure which option to chooseTORN
51.3%
Astin who played Sam GamgeeSEAN
51.1%
Incline•LEAN•
50.8%
____ Enchanted EveningSOME
50%
SwillSLOP
49.9%
High school student e.g.TEEN
47.6%
Accept an invitation•COME•
46.8%
Something with prophetic implicationsOMEN
43.5%
Word that can follow all of the marked answersOVER
39.9%
Eliot Ness and his colleaguesT-MEN
32%

You're not logged in!

Compare scores with friends on all Sporcle quizzes.
OR
Log In
Forgot?

From the Vault

Beatles Songs (Studio Album Tracks)

by Ben

Music 19m
We'd tell you to load all these up in iTunes and give a listen, but Apple and the Beatles can't quite seem to ...come together.
Remove Ads.
Support Sporcle.
Get the best of Sporcle when you Go Orange. This ad-free experience offers more features, more stats, and more fun while also helping to support Sporcle. Thank you for becoming a member.

Show Comments

Extras

Top Quizzes Today


Score Distribution

Your Account Isn't Verified!

In order to create a playlist on Sporcle, you need to verify the email address you used during registration. Go to your Sporcle Settings to finish the process.

Report this User

Report this user for behavior that violates our Community Guidelines.

Details: